000 01105nam a2200277Ia 4500
001 ebr10044854
003 CaPaEBR
006 m u
007 cr cn|||||||||
008 031217s2003 nyu gs 000 0 eng d
020 _z0333962486
040 _aCaPaEBR
_cCaPaEBR
035 _a(OCoLC)55664327
050 1 4 _aDA990.U45
_bI79 2003eb
100 1 _aIrwin, Colin,
_d1946-
245 1 4 _aThe People's peace process in Northern Ireland
_h[electronic resource] /
_cColin Irwin.
260 _aNew York, N.Y. :
_bPalgrave Macmillan,
_c2003.
300 _a355 p.
533 _aElectronic reproduction.
_bPalo Alto, Calif. :
_cebrary,
_d2009.
_nAvailable via World Wide Web.
_nAccess may be limited to ebrary affiliated libraries.
650 0 _aPeace movements
_zNorthern Ireland
_xCitizen participation.
651 0 _aNorthern Ireland
_xHistory.
651 0 _aNorthern Ireland
_xSocial conditions.
655 7 _aElectronic books.
_2local
710 2 _aebrary, Inc.
856 4 0 _uhttp://site.ebrary.com/lib/rucke/Doc?id=10044854
_zAn electronic book accessible through the World Wide Web; click to view
999 _c75241
_d75241